MARC

LEADER 00000nam0a2200000 4500
001 364594
005 20231102011714.0
035 |a (RuTPU)RU\TPU\retro\21952 
090 |a 364594 
100 |a 20211122d1981 km y0rusy50 ca 
101 0 |a rus 
102 |a UZ 
105 |a a z 001zy 
200 1 |a Морфология и цикличность солнечной активности  |f Академия наук Узбекской ССР, Астрономический институт ; под ред. В. П. Щеглова 
210 |a Ташкент  |c Фан  |d 1981 
215 |a 148 с.  |c ил. 
320 |a Библиогр. в конце ст. 
606 1 |a Солнечная активность  |x Прогноз  |2 stltpush  |3 (RuTPU)RU\TPU\subj\55490  |9 73512 
610 1 |a морфология 
610 1 |a цикличность 
610 1 |a эволюция 
610 1 |a протуберанцы 
610 1 |a динамика 
610 1 |a вспышки 
610 1 |a пятна 
610 1 |a наблюдения 
675 |a 523.98  |v 4 
702 1 |a Щеглов  |b В. П.  |4 340 
712 0 2 |a Академия наук Узбекской ССР  |b Астрономический институт  |c (Ташкент)  |c (1966-1991)  |2 stltpush  |3 (RuTPU)RU\TPU\col\25397  |9 28502 
801 1 |a RU  |b 63413507  |c 20211122 
942 |c BK